Sprachatlas der Zaza-Sprache : Lautgeographie des Zazaki /

Das Werk enthält einen Sprachatlas des Zazaki, einer nordwestiranischen Sprache. Die Arbeit dokumentiert die sprachgeographischen Verhältnisse einer bislang wenig erforschten Region. Grundlage bilden eigene Erhebungen mit einem Fragebuch in 65 Orten über das ganze Gebiet verteilt. Dieses Fragebuch o...

Full description

Saved in:

Main Author: Aratemür, Yaşar (Author)

Format: eBook

Language: English
German

Published: Leiden ; Boston : Brill, 2026.

Series: Handbook of Oriental Studies. Section 1 The Near and Middle East ; 191.
Middle East and Islamic Studies E-Books Online, Collection 2025.

Subjects:

Online Access: Login to view Source

Tags: Add Tag

No Tags, Be the first to tag this record!

Call Number: P57.I4

LEADER 03967nam a22005298i 4500
001 BRILL9789004746213
003 nllekb
005 20260324115021.0
006 m d
007 cr un uuuua
008 250910s2026 gw sb 001 0 eng d
020 |a 9789004746213  |q (electronic book) 
020 |z 9789004746206  |q (print) 
024 7 |a 10.1163/9789004746213  |2 DOI 
035 |z (OCoLC)1524979167 
040 |a NL-LeKB  |c NL-LeKB  |e rda 
041 |a ger 
050 4 |a P57.I4 
072 7 |a CF  |2 bicssc 
072 7 |a LAN  |x 009000  |2 bisacsh 
082 0 4 |a 418/.007/054  |2 23 
100 1 |a Aratemür, Yaşar,  |e author. 
245 1 0 |a Sprachatlas der Zaza-Sprache :  |b Lautgeographie des Zazaki /  |c Yaşar Aratemür. 
246 3 |a Lautgeographie des Zazaki 
264 1 |a Leiden ;  |a Boston :  |b Brill,  |c 2026. 
264 4 |c ©2026 
300 |a 1 online resource (550 pages) :  |b illustrations. 
336 |a text  |b txt  |2 rdacontent 
337 |a computer  |b c  |2 rdamedia 
338 |a online resource  |2 rdacarrier 
490 1 |a Handbook of Oriental Studies. Section 1 The Near and Middle East ;  |v 191 
490 1 |a Middle East and Islamic Studies E-Books Online, Collection 2025 
504 |a Includes bibliographical references and index. 
520 |a Das Werk enthält einen Sprachatlas des Zazaki, einer nordwestiranischen Sprache. Die Arbeit dokumentiert die sprachgeographischen Verhältnisse einer bislang wenig erforschten Region. Grundlage bilden eigene Erhebungen mit einem Fragebuch in 65 Orten über das ganze Gebiet verteilt. Dieses Fragebuch orientiert sich an den vorwiegend bäuerlichen Verhältnissen einer Kultur, die bald verschwunden sein wird. Das Zazaki wird nach dem Vorbild von Sprachatlanten europäischer Sprachen flächendeckend dokumentiert und in 280 Karten dargestellt. Die fassen 850 Einzelkarten zusammen. Die Arbeit besteht aus zwei Teilen: einem Theorieteil mit Einleitung und Kartenkommentaren sowie einem Kartenteil. Die ersten beiden Bände bieten einen Einblick in das Material. Es handelt sich um die erste systematische Grundlagenforschung zur Sprachgeographie des Zazaki. Die Arbeit setzt neue Maßstäbe in der Iranistik. Die ersten beiden Bände behandeln die Phonologie. Weitere sechs Bände werden folgen. This work presents a linguistic atlas of Zazaki, a northwestern Iranian language. It documents the linguistic geography of a region that has so far been little studied. The research is based on original fieldwork conducted with a questionnaire in 65 locations across the entire area. This questionnaire is oriented towards the predominantly rural conditions of a culture that is on the verge of disappearing. Zazaki is comprehensively documented following the model of linguistic atlases of European languages and is presented in 280 maps, which summarize 850 individual maps. The work is divided into two parts: a theoretical section with an introduction and map commentaries, and a map section. The first two volumes provide insight into the material. This is the first systematic foundational research on the linguistic geography of Zazaki. The study sets new standards in Iranian studies. The first two volumes focus on phonology. Six additional volumes will follow. 
546 |a German 
588 |a Description based on print version record. 
650 0 |a Applied Linguistics. 
650 0 |a Indo-European Languages. 
650 0 |a Iran & Persian Studies. 
650 0 |a Language Documentation & Description (Grammars) 
650 0 |a Languages and Linguistics. 
650 0 |a Middle East and Islamic Studies. 
776 0 8 |i Print version:  |t Sprachatlas der Zaza-Sprache : Lautgeographie des Zazaki.  |d Leiden ; Boston : Brill, 2026.  |z 9789004746206 
830 0 |a Handbook of Oriental Studies. Section 1 The Near and Middle East ;  |v 191. 
830 0 |a Middle East and Islamic Studies E-Books Online, Collection 2025. 
856 4 |z DOI:   |u http://dx.doi.org/10.1163/9789004746213 
999 |c 61927  |d 61927